000 02985nam a22003854i 4500
001 991061509087606706
003 ES-BaIT
005 20251106084155.0
008 251029m20162018sp |||| |||| 0|0 d spa|c
017 _aDL M 2602-2016
_bOficina DL Madrid
020 _a9788416596423
_q(volumen 1)
020 _a9788416947416
_q(volumen 2)
020 _a9788416947775
_q(volumen 3)
040 _aES-BaIT
_bcat
_erda
_cES-BaIT
080 _a792.077:82-2
100 _aCedena Sánchez-Cabezudo, José
_eautor
_9102584
245 1 0 _aTeatro de risa para jovencit@s teatrer@s :
_b¡Que conozcan las bondades del sainete ... L@s Muchach@as de entre diez y diecisiete! / José Cedena
246 3 3 _aTeatro de risa para jovencitos teatreros
246 3 3 _aTeatro de risa para jovencitas teatreras
264 1 _aMadrid :
_bÉride Ediciones,
_c2106-2018
300 _a3 volums, ( 176,181, 204 pàgines) ;
_c21 cm
336 _atext
_btxt
_2rdacontent
337 _asense mediació
_bn
_2rdamedia
338 _avolum
_bnc
_2rdacarrier
490 1 _aTeatro de risa
505 8 _aConté: volum 1: Don Sabino Curatraumas -- Don Sabina Curatrasdedoper -- Don Sabino Curamanías -- El bulto negro -- El chorizo enmascarado -- La consulta de don Meldquiades -- La escuela de don Silvestre -- La rebelión de las neuronas -- Novios de Internet --Un palillo "pal" diente. Volum 2: Auto escuela Fitipaldi -- El parque de los solterones -- El planeta de los culos -- La rutina diaria de San Pedro -- Lalolilolilolialo -- ! Olvido, olvídame! -- Rebelión en la granja -- Todo para el alma -- Todo para el cuerpo -- Vivan los novios. Volumen 3: Auto escuela Fitipaldi (2a parte) -- El dentista, La Evarista y los cuatro de la lista -- El asesino anda suelto -- El hombre que ató a Billy el Niño -- El parque de Maria Risa -- Las confesiones pedreras del padre pedro -- O.G. T. -- O. G. T. (2o intento) -- Recitando se va a Roma -- El rey Tiburcio busca novia
520 _a"Diez son los sainetes que conforman este segundo volumen de una colección de "teatro de risa" con la que José Cedena -el autor contemporáneo que más éxito tiene en su género- pretende abastecer a l@s chic@s de entre diez y diecisiete años. Un colectivo que, aunque ya hace sus sainetes desde hace tiempo, el autor ha querido dedicarle una atención especial, ante la demanda de profesores y monitores de teatro. Diez sainetes seleccionados concienzudamente, publicados con anterioridad en diversos libros pero adaptados para chicos de esa edad, con el lenguaje depurado y sin perder un ápice de su carácter divertido." -- Contracoberta segon volum
650 7 _aTeatre escolar
_957883
650 0 _aLiteratura dramàtica infantil castellana
_zEspanya
_yS. XXI
_xTextos dramàtics
_9157254
650 4 _aLiteratura dramàtica juvenil castellana
_zEspanya
_yS. XXI
_vTextos dramàtics
_xTextos dramàtics
_966463
830 _aTeatro de risa (Éride)
_9167757
908 _aCDMAE
940 _aCVA2
942 _2udc
_c1
999 _c136784
_d136784